ភ្នក់ភ្លើងទាំងបី / (Record no. 1711)
[ view plain ]
| 000 -LEADER | |
|---|---|
| fixed length control field | 03091nam a22002777a 4500 |
| 001 - CONTROL NUMBER | |
| control field | 1711 |
| 003 - CONTROL NUMBER IDENTIFIER | |
| control field | FISKH |
| 005 - DATE AND TIME OF LATEST TRANSACTION | |
| control field | 20230919082104.0 |
| 008 - FIXED-LENGTH DATA ELEMENTS--GENERAL INFORMATION | |
| fixed length control field | 230919b cb ||||| |||| 00| 0 khr d |
| 020 ## - INTERNATIONAL STANDARD BOOK NUMBER | |
| International Standard Book Number | 9789924340904 |
| 040 ## - CATALOGING SOURCE | |
| Original cataloging agency | FISKH |
| Language of cataloging | eng |
| Transcribing agency | FISKH |
| Modifying agency | FISKH |
| 082 ## - DEWEY DECIMAL CLASSIFICATION NUMBER | |
| Classification number | 364.106 |
| 100 ## - MAIN ENTRY--PERSONAL NAME | |
| Personal name | Lightman, Alan |
| 245 ## - TITLE STATEMENT | |
| Title | ភ្នក់ភ្លើងទាំងបី / |
| Statement of responsibility, etc. | Alan Lightman - បកប្រែពីភាសាអង់គ្លេសដោយ វណ្ណ រើន |
| 260 ## - PUBLICATION, DISTRIBUTION, ETC. | |
| Place of publication, distribution, etc. | Phnom Penh : |
| Name of publisher, distributor, etc. | Sipar, |
| Date of publication, distribution, etc. | 2020. |
| 300 ## - PHYSICAL DESCRIPTION | |
| Extent | 262 pages : |
| Dimensions | 20 cm |
| 505 ## - FORMATTED CONTENTS NOTE | |
| Formatted contents note | Z' <br/> |
| 520 ## - SUMMARY, ETC. | |
| Summary, etc. | ភ្នក់ភ្លើងទាំងបីនឹងនាំអ្នកអានទៅជួបរឿងរ៉ាវរបស់គ្រួសារក្រីក្រមួយ ដែលរស់នៅក្រោមភាពកៀបសង្កត់ និងអំណាចផ្ដាច់របស់ឪពុកដែលជាមេគ្រួសារ។ រីណាជាម្ដាយម្នាក់ដែលមានកំហឹងចង់សងសឹក ហើយប្រយុទ្ធនឹងការចងចាំនៃមរណភាពរបស់ឪពុកនាសម័យខ្មែរក្រហម។ នីតាត្រូវរៀបការក្នងវ័យ ១៦ឆ្នាំ ទៅរស់នៅជាមួយប្ដីដែលនៅស្រុកឆ្ងាយ។ កាម៉ាល់ជាកូនប្រុសច្បងដែលចង់រៀបការជាមួយនារីស្រស់សោភា និងចង់រស់នៅឆ្ងាយពីស្រុកកំណើត។ ធីតាត្រូវទៅធ្វើការនៅទីក្រុងដើម្បីដោះបំណុលគ្រួសារ។ ប៉ុន្តែ មានតែស្តីពៅប៉ុណ្ណោះដែលហ៊ានប្រឆាំងនឹងបំណងឪពុកហើយប្រឹងប្រែងរៀនសូត្រដើម្បីអនាគតដ៍ត្រចះត្រចង់។ |
| 520 ## - SUMMARY, ETC. | |
| Summary, etc. | The three flames will take the reader to the story of a poor family living under the oppression and dictatorship of their father, the head of the family. Rina is an angry mother who seeks revenge and fights over memories of her father's death during the Khmer Rouge era. Nita was married at the age of 16 to live with her husband in a distant land. Kamal is the eldest son who wants to marry a beautiful woman and wants to live far away from his hometown. Thida has to go to work in the city to pay off her family debt. But only the youngest girl Sreypov dares to go against her father's wishes and work hard to study for a bright future. |
| 521 8# - TARGET AUDIENCE NOTE | |
| Target audience note | 1120<br/> |
| Source | Lexile estimate <br/> |
| 521 8# - TARGET AUDIENCE NOTE | |
| Target audience note | Z' <br/> |
| Source | Raz-Plus <br/> |
| 650 ## - SUBJECT ADDED ENTRY--TOPICAL TERM | |
| Topical term or geographic name entry element | ភ្លើង |
| Form subdivision | ផ្ដាច់ការ |
| General subdivision | សងសឹក |
| Chronological subdivision | ប្រឆាំង |
| 650 ## - SUBJECT ADDED ENTRY--TOPICAL TERM | |
| Topical term or geographic name entry element | Flaming |
| Form subdivision | Dictatorship |
| General subdivision | Revenge |
| Chronological subdivision | Against |
| 700 ## - ADDED ENTRY--PERSONAL NAME | |
| Personal name | Rern, Vann |
| Relator term | Translator |
| 942 ## - ADDED ENTRY ELEMENTS (KOHA) | |
| Source of classification or shelving scheme | Dewey Decimal Classification |
| Koha item type | Khmer Books |
| Suppress in OPAC | No |
| Withdrawn status | Lost status | Source of classification or shelving scheme | Damaged status | Not for loan | Collection | Home library | Current library | Shelving location | Date acquired | Total Checkouts | Full call number | Barcode | Date last seen | Date last checked out | Copy number | Price effective from | Koha item type |
|---|---|---|---|---|---|---|---|---|---|---|---|---|---|---|---|---|---|
| Dewey Decimal Classification | Khmer Language Books / សៀវភៅភាសាខ្មែរ | Footprints International School Library Network Toul Kork Campus | Footprints International School Library Network Toul Kork Campus | TK Campus, Room B402, Khmer Book Case 16, Shelves 112-123 / ទូរសៀវភៅខ្មែរលេខ ១៦ ធ្នើរ ១១២ ដល់ ១២៣ បន្ទប់ B402 សាខាទួលគោក | 09/19/2023 | 1 | LIG 364.106 | 2023-0651 | 02/02/2026 | 01/05/2026 | 1 | 09/19/2023 | Khmer Books | ||||
| Dewey Decimal Classification | Khmer Language Books / សៀវភៅភាសាខ្មែរ | Footprints International School Library Network Toul Tom Poung Campus | Footprints International School Library Network Toul Tom Poung Campus | TTP Secondary Khmer Bookshelves | 09/19/2023 | 1 | LIG 364.106 | 2023-0652 | 12/19/2025 | 12/01/2025 | 2 | 09/19/2023 | Khmer Books | ||||
| Dewey Decimal Classification | Khmer Language Books / សៀវភៅភាសាខ្មែរ | Footprints International School Library Network Toul Tom Poung Campus | Footprints International School Library Network Toul Tom Poung Campus | TTP Secondary Khmer Bookshelves | 04/27/2026 | LIG 364.106 | 2026-0540 | 04/27/2026 | 3 | 04/27/2026 | Khmer Books | ||||||
| Dewey Decimal Classification | Khmer Language Books / សៀវភៅភាសាខ្មែរ | Footprints International School Library Network Toul Tom Poung Campus | Footprints International School Library Network Toul Tom Poung Campus | TTP Secondary Khmer Bookshelves | 04/27/2026 | LIG 364.106 | 2026-0541 | 04/27/2026 | 4 | 04/27/2026 | Khmer Books |
